000
00311nam a22001457a 4500
008
210310b ||||| |||| 00| 0 eng d
020
_a
2901285877173
041
_a
eng
080
_a
338
082
_a
338
100
_a
53
101
_a
MEN
245
_a
Oncourse: The Remix
_c
Hambric,T.S
942
_2
udc
_c
BK
999
_c
56180
_d
56180